[Event "CRO-ch U15"]
[Site "Trogir"]
[Date "2022.06.26"]
[Round "7"]
[White "Sokcevic, Petar"]
[Black "Rautner, Fran"]
[Result "1/2-1/2"]
[WhiteElo "1368"]
[BlackElo "1749"]
[PlyCount "68"]
[EventDate "2022.06.22"]
[EventType "swiss"]
[EventRounds "9"]
[EventCountry "CRO"]
[SourceTitle "CBM 209 Extra"]
[Source "ChessBase"]
[SourceDate "2022.09.30"]
[SourceVersion "1"]
[SourceVersionDate "2022.09.30"]
[SourceQuality "1"]

1. c4 Nf6 2. Nc3 g6 3. e4 d6 4. d3 Bg7 5. Be2 0-0 6. Nf3 c5 7. 0-0 Nc6 8. Rb1 Ne8 9. Ne1 f5 10. exf5 Bxf5 11. Bg4 Nc7 12. Nc2 Bxg4 13. Qxg4 Ne5 14. Qe2 Qd7 15. d4 Nf3+ 16. gxf3 cxd4 17. Ne4 Qh3 18. Ng3 h5 19. Qe4 h4 20. Nxd4 hxg3 21. fxg3 d5 22. cxd5 e5 23. dxe6 Bxd4+ 24. Qxd4 Rad8 25. Qe4 Nxe6 26. Qxg6+ Ng7 27. Bh6 Rf7 28. Bxg7 Rxg7 29. Qe4 Rd2 30. Rf2 Rxg3+ 31. hxg3 Qxg3+ 32. Kh1 Qh3+ 33. Kg1 Qg3+ 34. Kh1 Qh3+ 1/2-1/2

[Event "CRO-ch U13"]
[Site "Trogir"]
[Date "2021.06.20"]
[Round "3"]
[White "Sokcevic, Petar"]
[Black "Mlinaric, Simun"]
[Result "0-1"]
[WhiteElo "1368"]
[BlackElo "1369"]
[PlyCount "52"]
[EventDate "2021.06.18"]
[EventType "swiss"]
[EventRounds "9"]
[EventCountry "CRO"]
[SourceTitle "EXT 2022"]
[Source "ChessBase"]
[SourceDate "2021.10.06"]
[SourceVersion "1"]
[SourceVersionDate "2021.10.06"]
[SourceQuality "1"]

1. d4 Nf6 2. c4 g6 3. Nc3 Bg7 4. e3 0-0 5. Be2 d5 6. Nf3 Nc6 7. 0-0 Re8 8. b3 b6 9. Bb2 Bb7 10. Rb1 e6 11. cxd5 exd5 12. Bb5 a6 13. Bxc6 Bxc6 14. Ne5 Bb7 15. f4 c5 16. Re1 cxd4 17. Qxd4 Ng4 18. Na4 Nxe5 19. Kh1 Re6 20. fxe5 Bxe5 21. Qd2 Bxb2 22. Nxb2 Qg5 23. Re2 Rae8 24. Rbe1 d4 25. Qxd4 Rxe3 26. Qc4 Qxg2+ 0-1

[Event "CRO-ch U11"]
[Site "Trogir"]
[Date "2019.06.18"]
[Round "3"]
[White "Sokcevic, Petar"]
[Black "Martic, Ivan2222"]
[Result "0-1"]
[WhiteElo "1397"]
[BlackElo "1287"]
[PlyCount "42"]
[EventDate "2019.06.17"]
[EventType "swiss"]
[EventRounds "9"]
[EventCountry "CRO"]
[SourceTitle "EXT 2020"]
[Source "ChessBase"]
[SourceDate "2019.10.17"]
[SourceVersion "1"]
[SourceVersionDate "2019.10.17"]
[SourceQuality "1"]

1. d4 d5 2. c4 c6 3. Nc3 e6 4. Nf3 Nf6 5. Bg5 dxc4 6. e4 b5 7. e5 h6 8. Bxf6 gxf6 9. Be2 Rg8 10. 0-0 Nd7 11. a4 Qb6 12. Rb1 a6 13. b3 cxb3 14. Rxb3 Bb7 15. Rb2 Qc7 16. exf6 Nxf6 17. axb5 axb5 18. Rc2 Qb8 19. g3 Nh5 20. Ne4 Qf4 21. Kh1 Qxe4 0-1